Biała Podlaska - quiz wielokrotnego wyboru - Statystyki

Ogólne statystyki
  • Ten quiz został rozwiązany 32 razy
  • Średni wynik to 7 z 10
Statystyki odpowiedzi
Zagadnienie Odpowiedź % Poprawnych
Biała Podlaska leży 36 km od przejścia granicznego z Białorusią
100%
Która flaga jest flagą Białej Podlaskiej?
96%
Biała Podlaska leży w województwie? lubelskim
96%
Która rzeka przepływa przez Białą Podlaską? Krzna
88%
Jak kiedyś nazywała się Biała Podlaska? Biała Radziwiłłowska
84%
Biała Podlaska jest pod względem powierzchni największym miastem Podlasia Południowego
84%
Który z wymienionych piłkarzy urodził się w Białej Podlaskiej? Sebastian Szymański
64%
W Białej Podlaskiej mieści się Szkoła Trenerów PZPN
56%
Biała Podlaska jest siedzibą ... największego powiatu w Polsce trzeciego
40%
W którym roku Biała Podlaska uzyskała prawa miejskie? 1525
36%
Nie znaleziono quizów pasujących do podanych kryteriów
Rozkład punktacji
Procent ludzi z każdym wynikiem
Percentyl według liczby udzielonych odpowiedzi
Twoja historia wyników
Nie rozwiązałeś tego quizu